Philosophical and sociological foundation of education (Record no. 194099)
[ view plain ]
| 000 -LEADER | |
|---|---|
| fixed length control field | 00457nam a2200157Ia 4500 |
| 008 - FIXED-LENGTH DATA ELEMENTS--GENERAL INFORMATION | |
| fixed length control field | 231217s9999 xx 000 0 und d |
| 020 ## - INTERNATIONAL STANDARD BOOK NUMBER | |
| International Standard Book Number | 8174570004 |
| 041 ## - LANGUAGE CODE | |
| Language code of text/sound track or separate title | English |
| 082 ## - DEWEY DECIMAL CLASSIFICATION NUMBER | |
| Classification number | 370 CHA;1 R |
| 100 ## - MAIN ENTRY--PERSONAL NAME | |
| Personal name | Chaube, S P. Chaube, Akhilesh. |
| 245 #0 - TITLE STATEMENT | |
| Title | Philosophical and sociological foundation of education |
| 260 ## - PUBLICATION, DISTRIBUTION, ETC. | |
| Date of publication, distribution, etc. | 1992 |
| Name of publisher, distributor, etc. | Vinod Pustak |
| Place of publication, distribution, etc. | Agra |
| 300 ## - PHYSICAL DESCRIPTION | |
| Extent | 520 |
| 650 ## - SUBJECT ADDED ENTRY--TOPICAL TERM | |
| Topical term or geographic name entry element | Philosophical,sociological, foundatio, o, education |
| 942 ## - ADDED ENTRY ELEMENTS (KOHA) | |
| Koha item type | Books |
| Date last seen | Total checkouts | Full call number | Accession number | Price effective from | Category | Public note | Lost status | Damaged status | Department | Withdrawn status | Home library | Current library | Shelving location | Entry date | Grants | Billdate | Currency symbol | Conversion rate | Discount | Old discount |
|---|---|---|---|---|---|---|---|---|---|---|---|---|---|---|---|---|---|---|---|---|
| 26/01/2024 | 370 CHA;1 R | 82728 | 26/01/2024 | Books | Donated By Education Library | Central Library | Central Library | Central Library | Central Library | 29/12/2012 | DONATED | 13/04/2018 | RS | 1 | ||||||
| 26/01/2024 | 370 CHA;2 R1 | 82729 | 26/01/2024 | Books | Donated By Education Library | Central Library | Central Library | Central Library | Central Library | 29/12/2012 | DONATED | 19/02/2018 | RS | 1 | ||||||
| 26/01/2024 | 370 CHA;3 | 86615 | 26/01/2024 | Books | Donated By Education Library | Central Library | Central Library | Central Library | Central Library | 16/07/2013 | DONATED | 03/02/2022 | RS | 1 |
